000 00256nam a2200109Ia 4500
005 20251222114401.0
008 251222s1900||||xx |||||||||||||| ||spa||
082 _aDVD0120/V77/1990
245 0 _aLas cuatro estaciones
264 _bBremner, Mike
942 _cDVD
999 _c1634
_d1634